000 00767nam a2200253Ia 4500
003 OSt
005 20220923211452.0
006 a|||||r|||| 00| 0
007 ta
008 Pun
020 _a9789350689820 (hbk)
_c250
024 _a290,640
037 _b966, 16/12/2015, H.K. Prakashan
_cTextual
040 _aARTS
_cARTS
_bPun
041 _2Pun
_aPun
082 _aO153,3NICx, Q5
100 _aਇੱਛੂਪਾਲ
_9156280
245 0 _aਗੁਮਰਾਹ ਪਾਂਧੀ
260 _aਚੰਡੀਗੜ੍ਹ
_b ਲੋਕਗੀਤ
_c2015
300 _a155ਪੰ
_ccm.
650 _aਪੰਜਾਬੀ ਸਾਹਿਤ
942 _hO153,3NICx, Q5
_cTEXL
_2CC
999 _c299825
_d299825